000 00665nam a2200253 a 4500
003 AR-BaBNM
005 20251128205602.0
008 082120s2002 ||||||||||||||000 | spa||
020 _a950-843-268-3
040 _cAR-BaBNM
100 1 _aIurilli, Aurelia Rosa
245 0 0 _aMedea
_bo tratado de gloria, loor y pitósforos : teatro por la fealdad
260 _aBuenos Aires
_bVinciguerra
_c1997
300 _a23 p.
490 0 _aMáscaras
650 4 _aLITERATURA ARGENTINA
650 4 _aLITERATURA CONTEMPORANEA
650 4 _aTEATRO
650 4 _aMITOLOGIA
653 _aINFLUENCIA CLASICA
655 _aLITERATURA
942 _cBK
998 _cMARTIN
999 _c12005
_d12005